| 000 | 01180cam a2200349 a 4500 | ||
|---|---|---|---|
| 001 | 17237927 | ||
| 003 | OSt | ||
| 005 | 20180921163633.0 | ||
| 008 | 120329s2013 nyua b 001 0 eng | ||
| 010 | _a 2012013042 | ||
| 020 | _a9780415684163 (pbk.) | ||
| 035 | _a(DNLM)101581260 | ||
| 040 |
_aDNLM/DLC _cDLC |
||
| 042 | _apcc | ||
| 050 | 0 | 0 |
_aQH506 _b.I4815 2013 |
| 060 | 1 | 0 | _aQH 506 |
| 082 | 0 | 0 |
_a572.8 _223 _bMOB |
| 245 | 0 | 0 |
_aMolecular biology / _cAlexander McLennan ... [et al.]. |
| 250 | _a4th ed. | ||
| 260 |
_aNew York : _bGarland Science, _cc2013. |
||
| 300 |
_aix, 382 p. : _bill. ; _c25 cm. |
||
| 490 | 0 | _aBIOS instant notes series | |
| 500 | _aRev. ed. of: Molecular biology / Phil Turner ... [et al.]. 3rd ed. New York, NY : Taylor & Francis, 2005. | ||
| 504 | _aIncludes bibliographical references and index. | ||
| 650 | 0 |
_aMolecular biology _vOutlines, syllabi, etc. _964882 |
|
| 650 | 1 | 2 |
_aMolecular Biology _vOutlines. _964883 |
| 700 | 1 |
_aMcLennan, Alexander G. _964884 |
|
| 830 | 0 |
_aBIOS instant notes. _940126 |
|
| 906 |
_a7 _bcbc _corignew _d1 _eecip _f20 _gy-gencatlg |
||
| 942 |
_2ddc _cBOOK |
||
| 999 |
_c42763 _d312383 |
||